000 01314cam a22003615i 4500
001 21981329
003 NUST
005 20220825125533.0
008 210405s2021 scu 000 0 eng
010 _a 2021936564
020 _a9781467105637
_q(paperback)
038 _aAzhar
040 _aDLC
_beng
_erda
_cDLC
042 _apcc
082 _a975.901
_bMAB
100 1 _aMaberry, Cheryl Hielscher,
_d1955-
_eauthor.
_996581
245 1 0 _aAlturas and Lake Garfield
_cSherry Hielscher Maberry, Linda Smith King, Christi Voigt Adkins, Cathy Frankenburger Curtis, W. Patrick Huff, D. Scott Young.
260 _aCharleston :
_bArcadia Publishing,
_c2021
263 _a1111
300 _a127p
336 _atext
_btxt
_2rdacontent
337 _aunmediated
_bn
_2rdamedia
338 _avolume
_bnc
_2rdacarrier
490 0 _aImages of america
700 1 _aKing, Linda Smith,
_d1947-
_eauthor.
_996582
700 1 _aAdkins, Mary Christine,
_d1959-
_eauthor.
_996583
700 1 _aCurtis, Lyda Catherine Frankenburger,
_d1952-
_eauthor.
_996584
700 1 _aHuff, Warren Patrick,
_d1930-
_eauthor.
_996585
700 1 _aYoung, Darryl Scott,
_d1957-
_eauthor.
_996586
906 _a0
_bibc
_corignew
_d2
_eepcn
_f20
_gy-gencatlg
942 _2ddc
_cLC
999 _c590791
_d590791